Every Single Brainrot in Steal A Brainrot - Statistics

General Stats
  • This quiz has been taken 296 times
    291 since last reset
  • The average score is 15 of 133
Answer Stats
Rarity Income Cost Brainrot % Correct
Common $1/s $25 Noobini Pizzanini
78%
Common $5/s $500 Tim Cheese
58%
OG $250M/s $500B Strawberry Elephant
50%
Common $3/s $250 Lirilì Larilà
49%
Common $13/s $1.5K Pipi Kiwi
39%
Common $7/s $750 Fluriflura
34%
Rare $15/s $2K Trippi Troppi
34%
Common $9/s $1K Talpa Di Fero
33%
Admin LB $7.5M/s $1.2B 67
30%
Epic $100/s $15K Brr Brr Patapim
29%
Secret $100M/s $200B Dragon Cannelloni
25%
Epic $75/s $10K Cappuccino Assassino
24%
Brainrot God $50K/s $10M Tralalero Tralala
24%
Rare $30/s $4K Gangster Footera
23%
Legendary $500/s $100K Ballerina Cappuccina
22%
Exclusive $12/s $1.3K Raccooni Jandelini
22%
Rare $55/s $7.5K Ta Ta Ta Ta Sahur
19%
Rare $40/s $5K Boneca Ambalabu
18%
Mythic $1.9K/s $350K Frigo Camelo
18%
Secret $300K/s $50M La Vacca Saturno Saturnita
18%
Common $10/s $1.25K Svinina Bombardino
18%
Secret LB $30M/s $3.5B Esok Sekolah
17%
Secret LB $2.5M/s $600M Pot Hotspot
17%
Rare $35/s $4.5K Bandito Bobritto
16%
Legendary $300/s $50k Chimpanzini Bananini
16%
Exclusive $50K/s $10M Matteo
16%
Legendary $1.3K/s $325K Sigma Boy
15%
Rare $65/s $9K Tric Trac Baraboom
15%
Admin LB $13.5K/s $4.5M Carloo
14%
Brainrot God $17.5K/s $5M Cocofanto Elefanto
14%
Secret LB $125M/s $50B La Secret Combinasion
14%
Brainrot God LB $100K/s $25M Orcalero Orcala
14%
Secret LB $60M/s $15B Spaghetti Tualetti
14%
Mythic $9.5K/s $4M Te Te Te Sahur
14%
Mythic $5K/s $1M Bombombini Gusini
13%
Admin LB $10M/s $1B La Grande Combinasion
13%
Legendary $1.1K/s $256k Pipi Potato
13%
Epic $125/s $20K Trulimero Trulicina
13%
Epic $150/s $25K Bananita Dolphinita
12%
Epic $225/s $35K Avocadini Guffo
11%
Epic $120/s $22.5K Bambini Crostini
11%
Mythic $2.5K/s $500K Bombardiro Crocodilo
11%
Epic $175/s $30K Brri Brri Bicus Dicus Bombicus
11%
Rare $50/s $6.5K Cacto Hipopotamo
11%
Secret $50M/s $10B Garama and Madundung
11%
Epic $250/s $40K Salamino Penguino
11%
Secret $37.5M/s $6B Tictac Sahur
11%
Brainrot God $100k/s $20M Tralalita Tralala
11%
Epic $115/s $17.5K Avocadini Antilopini
10%
Secret $700K/s $175M Job Job Job Sahur
10%
Epic $160/s $27.5K Perochello Lemonchello
10%
Admin LB $85K/s $17.5M Alessio
9%
Legendary $1K/s $250K Blueberrinni Octopusini
9%
Legendary $200/s $35K Burbaloni Loliloli
9%
Legendary $600/s $150K Chef Crabracadabra
9%
Legendary $750/s $200K Glorbo Fruttodrillo
9%
Secret $42.5M/s $7.5B Ketchuru And Musturu
9%
Secret $35M/s $5B Ketupat Kepat
9%
Mythic $8.7K/s $3.5M Lerulerulerule
9%
Secret $500K/s $100M Los Tralaleritos
9%
Brainrot God $75K/s $15M Odin Din Din Dun
9%
Mythic $2K/s $400K Orangutini Ananassini
9%
Brainrot God $175K/s $30M Trippi Troppi Troppa Trippa
9%
Admin LB $400K/s $75M Blackhole Goat
8%
Secret $650K/s $150M Las Tralaleritas
8%
Legendary $650/s $175K Lionel Cactuseli
8%
Secret $2.2M/s $575M To to to Sahur
8%
Mythic LB $6K/s $1M Zibra Zubra Zibralini
8%
Brainrot God $20K/s $7.5M Girafa Celestre
7%
Secret $300K/s $100M Los Matteos
7%
Brainrot God LB $295K/s $65M Pop Pop Sahur
7%
Legendary $1.1K/s $275K Strawberrelli Flamingelli
7%
Secret LB $350K/s $125M Torrtuginni Dragonfrutini
7%
Mythic LB $15K/s $4.7M Carrotini Brainini
6%
Exclusive $375K/s $150M Dul Dul Dul
6%
Secret $1M/s $250M Graipuss Medussi
6%
Exclusive $300K/s $100M Karkerkar Kurkur
6%
Legendary $1.2K/s $300K Pandaccini Bananini
6%
Taco LB $3M/s $700M Quesadilla Crocodila
6%
Mythic $2.1K/s $450K Rhino Toasterino
6%
Brainrot God $200K/s $35M Ballerino Lololo
5%
Brainrot God LB $205k/s $25M Bulbito Bandito Traktorito
5%
Mythic $7.5K/s $2.5M Cavallo Virtuoso
5%
Exclusive $400K/s $85M Chachechi
5%
Secret $3.5M/s $750M Chicleteira Bicicleteira
5%
Exclusive $70K/s $25M Espresso Signora
5%
Exclusive $23.5M/s $3.2B Extinct La Grande
5%
Mythic $8K/s $3M Gorillo Watermelondrillo
5%
Admin LB $220K/s $42.5M Los Bombinitos
5%
Brainrot God $55K/s $12.5M Los Crocodillitos
5%
Brainrot God $235K/s $45M Los Orcalitos
5%
Secret $21M/s $2.6B Money Money Puggy
5%
Taco $1.5M/s $500M Nooo My Hotspot
5%
Mythic LB $3.5K/s $750K Spioniro Golubiro
5%
Mythic LB $6.5K/s $1.7M Tigrilini Watermelini
5%
Brainrot God LB $60K/s $25M Tigroligre Frutonni
5%
Taco $75K/s $20M Tipi Topi Taco
5%
Secret $300K/s $75M Bisonte Giuppitere
4%
Exclusive $35K/s $7.5M Gattatino Nyanino
4%
Admin LB $550K/s $120M Guerriro Digitale
4%
Secret $15M/s $2.5B Nucleauro Dinossauro
4%
Exclusive | Taco $16.5M/s $2.2B Tacorita Bicicleta
4%
Taco LB $45K/s $8.5M Chihuanini Taconini
3%
Admin LB $235K/s $46M Crabbo Limonetta
3%
Exclusive $125K/s $23.5M Extinct Ballerina
3%
Exclusive $625K/s $140M Extinct Matteo
3%
Taco $160K/s $32.5M Gattito Tacoto
3%
Exclusive $475K/s $110M La Cucaracha
3%
Secret $750K/s $200M Las Vaquitas Saturnitas
3%
Taco LB $5.5M/s $1B Los Nooo My Hotspotsitos
3%
Secret $425K/s $250M Los Spyderinis
3%
Taco LB $260K/s $46M Los Tipi Tacos
3%
Exclusive $12.5M/s $1.7B Mariachi Corazoni
3%
Brainrot God LB $275K/s $47.5M Mastodontico Telepiedone
3%
Brainrot God $215K/s $37.5M Pakrahmatmamat
3%
Taco $1M/s $250M Perrito Burrito
3%
Exclusive $325K/s $100M Sammyni Spyderini
3%
Mythic $12K/s $3M Tracoducotulu Delapeladustuz
3%
Brainrot God $150K/s $25M Trenostruzzo Turbo 3000
3%
Exclusive $150K/s $30M Urubini Flamenguini
3%
Brainrot God $240K/s $45M Cacasito Satalito
2%
Taco $155K/s $31M Capi Taco
2%
Exclusive $250K/s $45M Corn Corn Corn Sahur
2%
Exclusive $450K/s $125M Extinct Tralalero
2%
Secret $7M/s $1.2B Los Chicleteiras
2%
Brainrot God $250K/s $45M Tartaruga Cisterna
2%
Mythic $16K/s $4.8M Toiletto Focaccino
2%
Brainrot God $230K/s $42.5M Tractoro Dinosauro
2%
Taco $225K/s $50M Bombardini Tortinii
1%
Brainrot God $225K/s $40M Piccione Maccina
1%
Legendary $900/s $225K Quivoli Ameleoni
1%
Exclusive $75K/s $20M Uncilto Samito
0%
No matching quizzes found
Score Distribution
Percent of People with Each Score
Percentile by Number Answered
Your Score History
You have not taken this quiz since the last reset